000 00728nam a22002057a 4500
005 20161108130701.0
010 _aENG-116476
020 _c950.00
_a9780199460854
020 _c950.00
_a019946085
035 _aEN-100008
037 _bDBAD/PUB
082 _a382.0934037
100 _aGurukkal, Rajan
245 _aRenting classical Indo- Roman trade :
_cby Rajan Gurukkal
_bpoltical economy of Eastern mediterranean exchange relations /
260 _aNew Delhi
_bOxford University Press
_c2016
270 _aYMCA Library Building, 1 Jai Singh Road,
_bNew Delhi
_e110001
300 _axiii,331p.
_c23cm(Hb)
500 _aIncludes bibliographical references and index
942 _2ddc
_cEN
_mGUR
_h382.0934037
999 _c104521
_d104521